טוען...

Suvarnakadhakal/

מידע ביבליוגרפי
מחבר ראשי: Chekov,Anton
מחברים אחרים: Venu,V Desam (Translator)
פורמט: Printed Book
שפה:Malayalam
יצא לאור: Thrissur: Green Books, 2011.
LEADER 00535nam a22001577a 4500
008 180904b ||||| |||| 00| 0 mal d
999 |c 254642  |d 254642 
020 |a 9789380884189 
082 |a 891.75C1 SUV 
100 |a Chekov,Anton 
245 |a Suvarnakadhakal/  |c Anton Chekov 
260 |a Thrissur:   |b Green Books,  |c 2011. 
300 |a 148p. 
700 |a Venu,V Desam  |e Translator 
942 |c BK 
952 |0 0  |1 0  |4 0  |6 891_000000000000000_75C1_SUV  |7 0  |9 283359  |a MAL  |b MAL  |c ST1  |d 2018-09-04  |g 115.00  |i G358  |l 0  |o 891.75C1 SUV  |p MALG358  |r 2018-09-04  |w 2018-09-04  |y BK